| 000 | nam a22 a 4500 | ||
|---|---|---|---|
| 999 |
_c450 _d450 |
||
| 003 | AKMAL | ||
| 005 | 20170504085647.0 | ||
| 008 | 170504t2002 enka e 001 0 eng d | ||
| 020 |
_a9780007146840 (pbk.) : _cRM35.00 |
||
| 040 | _aAKMAL | ||
| 082 | 0 | 4 | _a153 BUZ |
| 090 | 2 | 0 |
_a153 _bBUZ |
| 100 | 1 |
_aBuzan, Tony _91054 |
|
| 245 | 1 | 0 |
_aHow to mind map / _bTony Buzan |
| 260 |
_aLondon : _bThorsons, _cc2002 |
||
| 300 |
_axx, 103p., 8p. of col. plates : _bill. (some col.) ; _c16cm. |
||
| 500 | _aIncludes index | ||
| 650 | 1 | 0 |
_aThought and thinking _9913 |
| 650 | 2 | 0 |
_aIntellect _91055 |
| 942 |
_2ddc _cBOOK |
||